Statistics for Country Shapes Zoomed In

Click here to take the quiz!

General Stats

  • This quiz has been taken 20 times
  • The average score is 8 of 12

Answer Stats

Answer% Correct
Egypt
89%
United States
89%
Canada
83%
South Africa
83%
Spain
83%
Bangladesh
67%
Chile
67%
China
61%
Iran
56%
New Zealand
56%
Italy
50%
Panama
33%

Score Distribution

Percentile by Number Answered

Percent of People with Each Score

Your Score History

You have not taken this quiz